000 02450nam a2200253 4500
003 NALT
005 20251126090152.0
008 251119b th ||||| |||| 00| 0 tha d
040 _aNALT
086 _aสว 02 8.2 328.31 2567
110 2 _aสำนักงานเลขาธิการวุฒิสภา.
_bสำนักประชาสัมพันธ์.
_bกลุ่มงานผลิตเอกสารเผยแพร่
_928891
245 1 0 _aกฐินพระราชทานของวุฒิสภา พุทธศักราช 2567 ณ วัดบุรณศิริมาตยาราม เขตพระนคร กรุงเทพมหานคร วันพฤหัสบดีที่ 7 พฤศจิกายน 2567 /
_cกลุ่มงานผลิตเอกสารเผยแพร่ สำนักประชาสัมพันธ์ สำนักงานเลขาธิการวุฒิสภา,
260 _aกรุงเทพฯ :
_bสำนักการพิมพ์ สำนักงานเลขาธิการวุฒิสภา,
_c2567.
300 _a62 หน้า :
_bภาพประกอบ ;
_c21 ซม.
520 0 _aประวัติวัดบุรณศิริมาตยาราม -- ลำดับเจ้าอาวาสวัดบุรณศิริมาตยาราม -- ประวัติเจ้าอาวาสวัดบุรณศิริมาตยาราม -- ประธานวุฒิสภา และรองประธานวุฒิสภา -- หน้าที่และอำนาจของวุฒิสภา ตามรัฐธรรมนูญแห่งราชอาณาจักรไทย พุทธศักราช 2560 -- บทสวดมนต์และคำถวายทานต่าง ๆ.
600 0 4 _aพระเทพวชิรดิลก
_xชีวประวัติ
_967075
610 2 4 _aวัดบุรณศิริมาตยาราม
_xประวัติ
_967076
650 4 _aกฐินและผ้าป่า
_93355
942 _2local
_cPAR
996 _abkk407106
_bACQSTF
_c2025-11-20
996 _avaree.k
_bLIBSTF
_c2025-11-21
996 _ajamriang.p
_bCATSTF
_c2025-11-25
999 _c107520
_d107520
998 _j1020
_k นางจำเรียง ระวังสำโรง